Kaupungit, jotka alkavat K-kirjaimella kartalla - Statistics

Yleistilastot
  • Tätä visaa on pelattu 49 kertaa
  • Keskiarvotulos 13 / 20
Vastaukset kartalla
Vastauksille on annettu kartalla punavihreä väri sen mukaan, kuinka moni on saanut sen oikein.
 
Vastaustilastot
kaupunki % Oikein
Kiova
93%
Krakova
90%
Kathmandu
88%
Kioto
85%
Kabul
83%
Kinshasa
83%
Kuwait
83%
Kuala Lumpur
80%
Kampala
78%
Khartum
78%
Kansas City
70%
Kingston
70%
Karachi
65%
Kigali
65%
Kazan
58%
Kolkata
48%
Kano
45%
Kunming
40%
Kaohsiung
28%
Kandy
23%
Ehtoja vastaavia visoja ei löytynyt
Tulosjakauma
Jokaisen tuloksen saaneiden osuus
Persentiili vastausten määrän mukaan
Tuloshistoriasi
Et ole pelannut tätä visaa